Statistics for Countries with the Highest Population 65 and Older

Click here to take the quiz!

General Stats

  • This quiz has been taken 23,852 times
    (23,098 since last reset)
  • The average score is 16 of 20

Answer Stats

% Total Country % Correct
11.2159 milChina
98%
15.852.0 milUnited States
98%
27.534.9 milJapan
96%
6.284.5 milIndia
95%
18.712.5 milUnited Kingdom
95%
21.717.9 milGermany
93%
20.013.1 milFrance
93%
14.621.0 milRussia
93%
8.918.8 milBrazil
89%
23.313.8 milItaly
89%
19.79.15 milSpain
88%
7.09.37 milMexico
85%
5.514.7 milIndonesia
79%
4.59.20 milPakistan
70%
14.47.41 milSouth Korea
68%
8.46.94 milTurkey
65%
11.88.20 milThailand
61%
7.47.22 milVietnam
60%
5.18.60 milBangladesh
59%
16.87.34 milUkraine
55%

Score Distribution

Percentile by Number Answered

Percent of People with Each Score

Your Score History

You have not taken this quiz since the last reset